Subordinate and marginal groups in early India/ (Record no. 8223)

MARC details
000 -LEADER
fixed length control field 00684 a2200205 4500
010 ## - LCCN (DPL NO)
LC control number ENG-88351
020 ## - INTERNATIONAL STANDARD BOOK NUMBER
Terms of availability 345.00
International Standard Book Number 0195690893
035 ## - SYSTEM CONTROL NUMBER
System control number EN-71884
037 ## - SOURCE OF ACQUISITION
Source of stock number/acquisition DBAD / PUB
082 00 - DEWEY DECIMAL CLASSIFICATION NUMBER
Classification number 954.008694
245 10 - TITLE STATEMENT
Title Subordinate and marginal groups in early India/
Statement of responsibility, etc edited by Aloka Parasher-Sen
250 ## - EDITION STATEMENT
Edition statement 2nd ed
260 ## - PUBLICATION, DISTRIBUTION, ETC. (IMPRINT)
Place of publication, distribution, etc New Delhi
Name of publisher, distributor, etc Oxford University Press
Date of publication, distribution, etc 2007
270 ## - ADDRESS
City New Delhi
Postal code 110 001
Address YMCA Library Building, Jai Singh Road
300 ## - PHYSICAL DESCRIPTION
Extent xi, 480p.
Dimensions 22cm (pbk)
490 ## - SERIES STATEMENT
Series statement Oxford in India Readings - Themes in Indian history)
500 ## - GENERAL NOTE
General note Includes index
700 ## - ADDED ENTRY--PERSONAL NAME
Personal name Parasher-Sen, Aloka
942 ## - ADDED ENTRY ELEMENTS (KOHA)
Institution code [OBSOLETE] dpl
Item type English Books
Source of classification or shelving scheme Dewey Decimal Classification
Classification part 954.008694
Call number suffix SUB
Holdings
Withdrawn status Lost status Not for loan Collection code Home library Current library Source of acquisition Cost, normal purchase price Full call number Barcode Copy number Cost, replacement price Koha item type
    Not For Loan Non-fiction D.B.Act.Division D.B.Act.Division DBAD/PUB 345.00 954.008694 SUB EN-71884 1 345.00 English Books

© Delhi Public Library
Hit Counter
free hit counter